=LDR 00000nam 2200000 4500 =001 INLIS000000000023426 =005 20130612122107 =008 ***********************************nd** =035 ##$$0010-061300000023426 =041 ##$$a nd =082 ##$$a 510 =090 ##$$a 510, Ide b =100 ##$$a Idel, Antoni =245 ##$$a Buku pintar matematika untuk SMP, Drs. Antoni Idel, Drs. Rudy Haryono =260 ##$$a [s.a] $b Surabaya =300 ##$$a 182 hlm, ilus, 21 cm =650 ##$$a Matematika =850 ##$$a NBPNMAT